FAMILY LAW LECTURES (Record no. 10633)
[ view plain ]
| 000 -LEADER | |
|---|---|
| fixed length control field | 00307nam a22001457a 4500 |
| 003 - CONTROL NUMBER IDENTIFIER | |
| control field | SGT |
| 020 ## - INTERNATIONAL STANDARD BOOK NUMBER | |
| International Standard Book Number | 9789351434443 |
| 082 ## - DEWEY DECIMAL CLASSIFICATION NUMBER | |
| Classification number | 346.015,KUS |
| 100 ## - MAIN ENTRY--PERSONAL NAME | |
| Personal name | KUSUM |
| 245 ## - TITLE STATEMENT | |
| Title | FAMILY LAW LECTURES |
| 260 ## - PUBLICATION, DISTRIBUTION, ETC. (IMPRINT) | |
| Place of publication, distribution, etc | GURGAON |
| Name of publisher, distributor, etc | LEXIS NEXIS |
| Year of Publication | 2015 |
| 300 ## - PAGE DESCRIPTION | |
| No. of Pages | 677 |
| 650 ## - SUBJECT ADDED ENTRY--TOPICAL TERM | |
| Topical term or geographic name as entry element | FAMILY LAW |
| 942 ## - ADDED ENTRY ELEMENTS (KOHA) | |
| Source of classification or shelving scheme | Dewey Decimal Classification |
| Koha item type | Books |
| 942 ## - ADDED ENTRY ELEMENTS (KOHA) | |
| -- | 8 |
| Withdrawn status | Lost status | Source of classification or shelving scheme | Damaged status | Not for loan | Collection code | Home library | Current library | Shelving location | Date acquired | Vendor Name | Cost, normal purchase price | SGTU | Bill Number | Total Checkouts | Total Renewals | Full call number | Accession No. (Barcode) | Date last seen | Date last borrowed | Bill Date | Koha item type |
|---|---|---|---|---|---|---|---|---|---|---|---|---|---|---|---|---|---|---|---|---|---|
| Dewey Decimal Classification | LAW | SGT Science & Social Sciences Library | SGT Science & Social Sciences Library | Text Book | 27/01/2017 | COMMERICAL BOOK HOUSE | 695.00 | SGTU | 830 | 16 | 1 | 346.015,KUS | FL1301 | 23/10/2024 | 23/10/2024 | 15/07/2016 | Books | ||||
| Dewey Decimal Classification | LAW | SGT Science & Social Sciences Library | SGT Science & Social Sciences Library | Text Book | 27/01/2017 | COMMERICAL BOOK HOUSE | 695.00 | SGTU | 830 | 11 | 1 | 346.015,KUS | FL1302 | 02/02/2023 | 23/12/2022 | 15/07/2016 | Books | ||||
| Dewey Decimal Classification | Not For Loan | LAW | SGT Science & Social Sciences Library | SGT Science & Social Sciences Library | Reference Book | 27/01/2017 | COMMERICAL BOOK HOUSE | 695.00 | SGTU | 830 | 346.015,KUS | FL1303 | 27/01/2017 | 15/07/2016 | Books | ||||||
| Dewey Decimal Classification | LAW | SGT Science & Social Sciences Library | SGT Science & Social Sciences Library | Text Book | 27/01/2017 | COMMERICAL BOOK HOUSE | 695.00 | SGTU | 830 | 3 | 2 | 346.015,KUS | FL1299 | 28/11/2019 | 28/11/2019 | 15/07/2016 | Books | ||||
| Dewey Decimal Classification | LAW | SGT Science & Social Sciences Library | SGT Science & Social Sciences Library | Text Book | 27/01/2017 | COMMERICAL BOOK HOUSE | 695.00 | SGTU | 830 | 14 | 1 | 346.015,KUS | FL1300 | 14/09/2022 | 14/09/2022 | 15/07/2016 | Books |